000 00811nam0a22002771 4500
001 RU\NLR\INFOCOMM_190\5000067474
005 20250613095138.0
010 _d2 р. 50 к.
035 _a(NLR Aleph) 009286990
090 _a9196364
_c9196364
100 _a20100923d1954 |||y0rusy50 ca
101 0 _aeng
102 _aRU
105 _ay ||||000|y
200 1 _aˆThe ‰housing question
_fFrederick Engels
210 _aΜ.
_cForeign languages publ. house
_d1954
215 _a170 с.
_d16 см
225 1 _aLibrary of marxist-leninist classics
686 _aМ-Л100
_2rubbk
700 1 _9z01790
_aEngels
_bF.
_f1820-1895
_gFriedrich
_4070
790 1 _9z01700
_aEngels
_bF.
_gFrederick
_4070
801 1 _aRU
_bNLR
_c20100923
801 0 _aRU
_bNLR
_gPSBO
852 _aNLR
_jМЭ 102-72/2-3
942 _cBOOK
980 _aNB